000 01142nam a22002897a 4500
001 33637
003 DO-SdBNP
005 20230329131040.0
007 33637
008 920227s1989 sp | |||| ||spa
020 _a8478500162
040 _aBPMSU
_bspa
_cBPMSU
082 4 _a323.352
_bC749b 1989
_222
111 2 _aCongreso Internacional Infancia y Sociedad
_n(1:
_d1989 : 20-23 noviembre
_cMadrid )
245 1 0 _aBienestar y derechos sociales de la infancia /
_cedición coordinada y revisada por José Sánchez Cervantes
_b
260 _aMadrid :
_bDirección General de Protección Jurídica del Menor,
_c1991.
300 _a3 v.
_c26 cm
504 _aBibliografía
505 0 _gv. 1 :
_gv. 2-3 :
_t Conferencias plenarias
_gv. 2-3 :
_t Ponencias y comunicaciones área 5 -8
590 _6Inventariado, 2023/VM
650 4 _aNiños
_xDerechos
_vCongresos, conferencias, etc.
650 4 _aProtección de menores
_vCongresos, conferencias, etc.
700 1 _aSánchez Cervantes, José
_eed.
710 2 _aDirección General de Protección Jurídica del Menor
910 _aVMateo V. Control de calidad (BPMSU)
942 _2ddc
_cBK
999 _c8723
_d8723